01618nam a22003857a 4500003000500000005001700005008004100022010001000063011001000073035001000083040000900093090001000102100003800112245010100150260004000251300002000291502013100311590003700442590004100479590004100520590004100561590004200602650004200644650003000686650002800716650003600744650006000780901000700840942000900847949004300856949005500899999001700954952013300971952012801104CHAP20220329141020.0971013s1995 r 00010 d a61325 a62297 a66471 cCHAP aTesis00aPompa López, Isi Yadira.990760 aImpacto del deterioro ambiental del Lago de Cuitzeo en organizaciones de pescadores de la ribera aChapingo, Méx. :bEl autor,c1995 a144 h.b: ilus. aTesis (M. C. en Desarrollo Rural Regional) -- UACH. Dirección de Centros Regionales. Maestría en Desarrollo Rural Regional aALEPHb10c20130110lUCH01h1341 aBATCH-UPDb10c20130110lUCH01h0533 aBATCH-UPDb10c20130410lUCH01h0213 aBATCH-UPDb10c20130914lUCH01h1630 aCONVERSIONb10c20130109lUCH01h133314aAguaxContaminacionxMichoacan.9235714aImpacto ambiental.95746514aLago de Cuitzeo.96440814aPescadoresxMichoacán.98747814aRecursos naturalesxConservaciónxMichoacán.995241 aBK cFOLL bBCcTESd-151680eTS1h29750i66471si bBCcTESd33724000622304eTS2fc.2h29751i66471si c61325d61325 00102local4053708TESISaBCbBCcPA_TESISd2019-12-31fTESISl0p33724000622304r2019-12-31 00:00:00tc.2w2019-12-31yTESIS 00102local4051708TESISaBCbBCcPA_TESISd2019-12-31fTESISl0oTesisp-151680r2019-12-31 00:00:00w2019-12-31yTESIS